| 000 | 01071 a2200241 4500 | ||
|---|---|---|---|
| 999 |
_c4516 _d4516 |
||
| 020 | _a9780803983199 | ||
| 020 | _a0803983204 (pbk.) | ||
| 050 | 1 | 4 | _aLC189 BOU1990 |
| 100 | 1 |
_aBourdieu, Pierre, _d1930-2002. |
|
| 245 | 1 | 0 |
_aReproduction in education, society, and culture / _cPierre Bourdieu and Jean-Claude Passeron ; translated from the French by Richard Nice ; with a foreword by Tom Bottomore. |
| 250 |
_a1990 ed. / _bpreface by Pierre Bourdieu. |
||
| 264 |
_aNew Delhi: _bsage, _cc1977 |
||
| 300 |
_axxvi, 254 p., [4] p. of plates : _bill. ; |
||
| 500 | _aTranslation of: La reproduction. | ||
| 504 | _aIncludes bibliographical references (p. 237-241) and index. | ||
| 650 | 0 | _aEducational sociology. | |
| 650 | 0 |
_aEducation _xPhilosophy. |
|
| 700 | 1 | _aPasseron, Jean Claude. | |
| 856 | 4 | 2 |
_3Publisher description _uhttp://www.loc.gov/catdir/enhancements/fy0656/90060265-d.html |
| 856 | 4 | 1 |
_3Table of contents only _uhttp://www.loc.gov/catdir/enhancements/fy0656/90060265-t.html |
| 942 |
_2lcc _cBK _h189 _iBOU _kLC |
||